000 01061nam a22002417a 4500
003 OSt
005 20250919172058.0
008 240401b ||||| |||| 00| 0 eng d
040 _c0
082 _aDPer 621.381 In821 September 2022 v. 37 n. 9
100 _aZhang, Dongbo.
_eauthor.
_955704
245 _aSynchronization strategy based on resonant current detection for bidirectional wireless charging system /
_cDongbo Zhang, Min Chen, Bodong Li, Xiaoqing Wang, Xinnan Sun, and Feng Jiang.
260 _aNew York ;
_bThe Institute of Electrical and Electronics Engineers, Inc. ,
_cSeptember 2022.
300 _aVolume 37, pages 11436-11445 :
_billustration ;
_c28 cm.
500 _aIEEE Transitions on Power Electronics, v. 37 n. 9, pages 11436-11445, September 2022.
700 _aZhang, Dongbo.
_eauthor.
_955704
700 _aChen, Min.
_eauthor.
_955705
700 _aLi, Bodong.
_eauthor.
_955706
700 _aWang, Xiaoqing.
_eauthor.
_955707
700 _aSun, Xinnan.
_eauthor.
_955708
700 _aJiang, Feng.
_eauthor.
_955709
942 _2ddc
_cPER
999 _c19936
_d19936